Finacovanie a vyhodnocovanie grantov

Guardado en:
Detalles Bibliográficos
Formato: Libro
Lenguaje:eslovaco
Publicado: Bratislava : SlTK-Centrum VTI SR, 1991
Materias:
Etiquetas: Agregar Etiqueta
Sin Etiquetas, Sea el primero en etiquetar este registro!

MARC

LEADER 00000nam a22000003a 4500
001 stu35446
005 20150408180933.0
008 920421s1991----cs------------------slo-d
040 |a STU  |b slo 
041 0 |a slo 
044 |a cs 
080 |a 001.38 
080 |a 336(048.8) 
245 |a Finacovanie a vyhodnocovanie grantov 
260 |a Bratislava :  |b SlTK-Centrum VTI SR,  |c 1991 
300 |a 5 s :  |b 11 záznamov (1990-1991 
650 7 |a veda  |2 stusub 
650 7 |a financovanie  |2 stusub 
650 7 |a rešerš  |2 stusub 
650 7 |a výskumy  |2 stusub 
650 7 |a financie  |2 stusub 
650 7 |a granty  |2 stusub 
996 |b M R-93  |c M*R-93  |l MMKN  |s A  |a 24  |w stu35446_0001